Theory of Linear Operations

Saved in:
Bibliographic Details
Main Author: Banach, Stefan 1892-1945
Format: Book
Language:English
French
Published: Amsterdam : New York : New York, N.Y., U.S.A. : North-Holland, Sole distributors for the U.S.A. and Canada, Elsevier Science Pub. Co., 1987
Series:North-Holland mathematical library ; ; 38
Subjects:
Tags: Add Tag
No Tags, Be the first to tag this record!

MARC

LEADER 00000nam a2200000 i 4500
001 1/33106
008 941103s1987 eng d
020 |a 0444701842 
035 |l 10039279 
035 |a 1993 
040 |a GR-MY-UA  |b gre  |e aacr 
041 1 |a eng  |h fre 
082 0 |a 515.732  |2 (19) 
100 1 |a Banach, Stefan  |d 1892-1945. 
245 1 0 |a Theory of Linear Operations /  |c S. Banach ; English translation by F. Jellett 
260 |a Amsterdam :   |a New York :   |a New York, N.Y., U.S.A. :   |b North-Holland,   |b Sole distributors for the U.S.A. and Canada, Elsevier Science Pub. Co.,   |c 1987 
300 |a x, 237 p.;  |c 23 cm 
490 1 |a North-Holland mathematical library  |v ; 38 
500 |a Translation of: Theorie des operations lineaires 
504 |a Bibliography: p. 217-237 
650 0 0 |a Banach spaces. 
830 0 |a North-Holland mathematical library ;  |v ; 38 
852 |a INST  |b SAMOS  |e 19941103  |h 515.732 BAN  |p 005300007904  |q 005300007904  |t BK  |y 0 
909 |a Σ  |b 030202